[Event "Ljubljana-chT 74th"]
[Site "Ljubljana"]
[Date "2022.01.13"]
[Round "1.4"]
[White "Kern, Anze"]
[Black "Novak, Anze"]
[Result "0-1"]
[WhiteElo "1500"]
[BlackElo "1697"]
[PlyCount "44"]
[EventDate "2022.01.13"]
[EventType "team-swiss"]
[EventRounds "9"]
[EventCountry "SLO"]
[SourceTitle "EXT 2024"]
[Source "ChessBase"]
[SourceDate "2023.10.10"]
[SourceVersion "1"]
[SourceVersionDate "2023.10.10"]
[SourceQuality "1"]
[WhiteTeam "Komenda Pogi"]
[BlackTeam "Komenda Popotnik"]
[WhiteTeamCountry "SLO"]
[BlackTeamCountry "SLO"]

1. d4 Nf6 2. Nf3 g6 3. Bf4 Bg7 4. e3 d5 5. Bd3 0-0 6. Nbd2 c5 7. dxc5 Qa5 8. Bg3 Nc6 9. c3 Qxc5 10. Nb3 Qb6 11. Qd2 Re8 12. Nbd4 Nd7 13. 0-0-0 e5 14. Nxc6 bxc6 15. e4 Rb8 16. Qc2 Nc5 17. Rhe1 Nxd3+ 18. Rxd3 dxe4 19. Rde3 exf3 20. Rxf3 Bf5 21. Qe2 Bh6+ 22. Kd1 Rbd8+ 0-1